| 000 | 00650nam a2200193 a 4500 | ||
|---|---|---|---|
| 001 | 000042971 | ||
| 005 | 20201002040535.0 | ||
| 008 | 140213s2003 xxu 000 0 spa d | ||
| 020 | _a9977060126 | ||
| 040 |
_aDO-SdBNP _bspa _cBNPHU |
||
| 100 | 1 |
_aGómez Colomer, Juan Luis _970452 |
|
| 245 | 1 | 0 |
_aJuicio penal con jurado en la España democrática. / _cJuan Luis Gómez Colomer. |
| 260 |
_aMiami, Florida, : _bCentro para la Administración de Justicia, _c2003. |
||
| 300 |
_a101 p. ; _c21 cm. |
||
| 490 | 1 |
_aMonografias _v9 |
|
| 500 | _aIncluye datos biografícos del autor | ||
| 504 | _aBibliografía p: 98-101 | ||
| 830 | 0 |
_aMonografias _v9 _915334 |
|
| 999 |
_c42460 _d42460 |
||